01162nam a2200193Ia 4500001001000000003001000010008004100020040002500061041001300086100002900099245004100128250001100169260009100180300002900271500026000300501011400560520026000674650003400934L235-8377IT-CnALBA170116s9999||||xx |||||||||||||| ||und|| aIT-CnALBAcIT-CnALBA aITALIANO aBARAVALLE FRANCESCO, PM. 0aFIORI E FRUTTI DI PARADISO. VOL. I.  a1a ed. aARC. MODENA.bIMMAC. CONCEZ. TIP. PONT.c1911 [1° Ed.:1911 - Ed.Ling.Originale: 1911] a244 p. (prefazione: 712) aGENNAIO FEBBRAIO MARZO. GENOVEFFA. SINCLETICA. PRISCA. BEATRICE D'ESTE. MARGHERITA. VERONICA DA MILANO. AGNESE. SABINA. MARTINA. BRIGIDA. AGATA. DOROTEA. APOLLONIA. SCOLASTICA. MARTA. PAOLA CUNEGONDA. COLETTA. ROSALIA. FIORENZA. GERTRUDE. BONA DA PISA. NI aSocietà San Paolo EM - Piazza San Paolo, 14 - 12051 ALBA (CN) (non commercial uses only) ® Copyright 2017 aGENNAIO FEBBRAIO MARZO. GENOVEFFA. SINCLETICA. PRISCA. BEATRICE D'ESTE. MARGHERITA. VERONICA DA MILANO. AGNESE. SABINA. MARTINA. BRIGIDA. AGATA. DOROTEA. APOLLONIA. SCOLASTICA. MARTA. PAOLA CUNEGONDA. COLETTA. ROSALIA. FIORENZA. GERTRUDE. BONA DA PISA. NI aMARIA SS. ANGELI SANTI DEMONI